Študijný program Národohospodárskej fakulty Ekonomická univerzita v Bratislave

Saved in:
Bibliographic Details
Corporate Author: Ekonomická univerzita v Bratislave. Národohospodárska fakulta
Other Authors: Táncošová, Judita, Kordošová, Elena
Format: Book
Language:Slovak
Published: Bratislava Ekonóm 2002
Subjects:
Tags: Add Tag
No Tags, Be the first to tag this record!

MARC

LEADER 00000nam a2200000 4500
001 c136756
005 20230307092115.9
020 |a 80-225-1576-0 
041 0 |a slo 
044 |a SK 
245 1 0 |a Študijný program Národohospodárskej fakulty  |b Ekonomická univerzita v Bratislave  |c [zostavili: Judita Táncošová, Elena Kordošová] 
264 1 |a Bratislava  |b Ekonóm  |c 2002 
300 |a 116 s. 
610 2 0 |a programy študijné 
610 2 0 |a univerzity 
610 2 0 |a vzdelávanie vysokoškolské 
700 1 |a Táncošová, Judita 
700 1 |a Kordošová, Elena 
710 2 |a Ekonomická univerzita v Bratislave. Národohospodárska fakulta